000 01471nam a22003494a 4500
001 ebr10017964
003 CaPaEBR
006 m u
007 cr cn|||||||||
008 990728s2000 ctuab sb 001 0 eng
010 _z 99043106
020 _z0275966801 (alk. paper)
040 _aCaPaEBR
_cCaPaEBR
035 _a(OCoLC)54885914
050 1 4 _aBR1450
_b.M85 2000eb
082 0 4 _a968/.0009/9
_221
100 1 _aMungazi, Dickson A.
245 1 0 _aIn the footsteps of the masters
_h[electronic resource] :
_bDesmond M. Tutu and Abel T. Muzorewa /
_cDickson A. Mungazi.
260 _aWestport, Conn. :
_bPraeger,
_c2000.
300 _axviii, 228 p. :
_bill., maps.
504 _aIncludes bibliographical references (p. [207]-218) and index.
533 _aElectronic reproduction.
_bPalo Alto, Calif. :
_cebrary,
_d2013.
_nAvailable via World Wide Web.
_nAccess may be limited to ebrary affiliated libraries.
600 1 0 _aTutu, Desmond.
600 1 0 _aMuzorewa, Abel Tendekayi,
_d1925-2010.
650 0 _aChurch and state
_zSouth Africa
_xHistory
_y20th century.
650 0 _aChurch and state
_zZimbabwe
_xHistory
_y20th century.
651 0 _aSouth Africa
_xPolitics and government
_y20th century.
651 0 _aZimbabwe
_xPolitics and government.
655 7 _aElectronic books.
_2local
710 2 _aebrary, Inc.
856 4 0 _uhttp://site.ebrary.com/lib/rucke/Doc?id=10017964
_zAn electronic book accessible through the World Wide Web; click to view
999 _c12386
_d12386